| 000 | 01121nam a2200229 i 4500 | ||
|---|---|---|---|
| 001 | 163744 | ||
| 003 | ES-MaACL | ||
| 005 | 20251012063056.0 | ||
| 008 | 931025s1878 sp |||| |dspa d | ||
| 100 | 1 |
_aRodríguez Campomanes, Pedro, _d1723-1803 _998399 |
|
| 245 | 1 | 0 |
_aCartas político-económicas escritas por el Conde de Campomanes, primero de este título, al Conde de Lerena / _cpublícalas ahora por primera vez, precedidas de una introducción y de la biografía del autor, Antonio Rodriguez Villa. |
| 260 |
_aMadrid : _bLibrería de M. Murillo, _c1878 ( _fImp. y estereotipia de Aribau y C., sucesores de Rivadeneyra) |
||
| 300 |
_aXXXVI, 286 p. ; _c18 cm. |
||
| 510 | 4 |
_aPalau, _c273695 |
|
| 530 | _aDisponible en formato digital. | ||
| 600 | 1 | 4 |
_aRodríguez Campomanes, Pedro, _d1723-1803 _998399 |
| 651 | 4 |
_aEspaña- _xSituación económica- _yS.XVIII. _9167679 |
|
| 700 | 1 |
_aRodríguez Villa, Antonio, _d1843-1912 _998860 |
|
| 852 |
_aES-MaACL _jG-7412 _z- Enc. pasta |
||
| 856 |
_uhttp://bdh-rd.bne.es/viewer.vm?id=0000050155&page=1 _zBiblioteca Digital Hispánica |
||
| 999 |
_c163744 _d163744 |
||